| 000 | 01597nam a22003854a 4500 | ||
|---|---|---|---|
| 001 | ebr10155133 | ||
| 003 | CaPaEBR | ||
| 006 | m u | ||
| 007 | cr cn||||||||| | ||
| 008 | 050719s2006 nyua sb 001 0 eng | ||
| 010 | _z 2005052501 | ||
| 020 | _z1403971765 | ||
| 040 |
_aCaPaEBR _cCaPaEBR |
||
| 035 | _a(OCoLC)124039435 | ||
| 043 | _ad------ | ||
| 050 | 1 | 4 |
_aHC60 _b.A45323 2006eb |
| 082 | 0 | 4 |
_a339.4/6/091724 _222 |
| 245 | 0 | 0 |
_aAid impact and poverty reduction _h[electronic resource] / _cedited by Steen Folke and Henrik Nielsen. |
| 250 | _a1st ed. | ||
| 260 |
_aNew York : _bPalgrave Macmillan ; _a[Copenhagen] : _bDanish Institute for International Studies, _c2006. |
||
| 300 |
_axiv, 250 p. : _bill. |
||
| 490 | 1 | _aPalgrave studies in governance, security, and development | |
| 504 | _aIncludes bibliographical references and index. | ||
| 533 |
_aElectronic reproduction. _bPalo Alto, Calif. : _cebrary, _d2013. _nAvailable via World Wide Web. _nAccess may be limited to ebrary affiliated libraries. |
||
| 650 | 0 | _aEconomic assistance. | |
| 650 | 0 |
_aPoverty _xInternational cooperation. |
|
| 650 | 0 |
_aEconomic assistance _zDeveloping countries _vCase studies. |
|
| 655 | 7 |
_aElectronic books. _2local |
|
| 700 | 1 | _aFolke, Steen. | |
| 700 | 1 |
_aNielsen, Henrik, _d1961- |
|
| 710 | 2 | _aDansk institut for internationale studier. | |
| 710 | 2 | _aebrary, Inc. | |
| 830 | 0 | _aPalgrave studies in governance, security, and development. | |
| 856 | 4 | 0 |
_uhttp://site.ebrary.com/lib/rucke/Doc?id=10155133 _zAn electronic book accessible through the World Wide Web; click to view |
| 999 |
_c93522 _d93522 |
||